IMF Survey, Volume 36 Issue 08.

De Rato on hedge funds and trade; Portugal on IMF technical assistance; Latin American growth; Iraq reforms economy; debt restructuring in eight countries; IMF research: investment, reserves, inflation; exchange rate adjustment and global imbalances.

Dettagli Bibliografici
Ente Autore: International Monetary Fund. External Relations Dept
Natura: Periodico
Lingua:English
Pubblicazione: Washington, D.C. : International Monetary Fund, 2007.
Serie:IMF Survey; IMF Survey ; No. 0036/008
Accesso online:Full text available on IMF
LEADER 01260cas a2200241 a 4500
001 AALejournalIMF009385
008 230101c9999 xx r poo 0 0eng d
020 |c 5.00 USD 
020 |z 9781451938388 
022 |a 0047-083X 
040 |a BD-DhAAL  |c BD-DhAAL 
110 2 |a International Monetary Fund.  |b External Relations Dept. 
245 1 0 |a IMF Survey, Volume 36 Issue 08. 
264 1 |a Washington, D.C. :  |b International Monetary Fund,  |c 2007. 
300 |a 1 online resource (12 pages) 
490 1 |a IMF Survey 
500 |a <strong>Off-Campus Access:</strong> No User ID or Password Required 
500 |a <strong>On-Campus Access:</strong> No User ID or Password Required 
506 |a Electronic access restricted to authorized BRAC University faculty, staff and students 
520 3 |a De Rato on hedge funds and trade; Portugal on IMF technical assistance; Latin American growth; Iraq reforms economy; debt restructuring in eight countries; IMF research: investment, reserves, inflation; exchange rate adjustment and global imbalances. 
538 |a Mode of access: Internet 
830 0 |a IMF Survey; IMF Survey ;  |v No. 0036/008 
856 4 0 |z Full text available on IMF  |u http://elibrary.imf.org/view/journals/023/0036/008/023.0036.issue-008-en.xml  |z IMF e-Library